MARC

LEADER 00000nam0a2200000 4500
001 340560
005 20231102005243.0
035 |a (RuTPU)RU\TPU\book\367465 
090 |a 340560 
100 |a 20180403d1965 k y0rusy50 ca 
101 0 |a rus 
102 |a KZ 
105 |a y dm 001zy 
200 1 |a Электрохимическое исследование унитиола и применение его в анализе минерального сырья  |e автореферат диссертации на соискание ученой степени кандидата химических наук  |f Х. К. Оспанов  |g Казахский государственный университет (КазГУ), Кафедра химии редких элементов ; науч. рук. О. А. Сонгина, З. Б. Рождественская 
210 |a Алма-Ата  |c [Б. и.]  |d 1965 
215 |a 18 с. 
300 |a Защита сост. в конце марта 1965 г. 
320 |a Библиогр.: с. 18 (9 назв.) 
606 1 |a Химические реактивы, органические  |2 stltpush  |3 (RuTPU)RU\TPU\subj\73372  |9 86404 
606 1 |a Титрование амперометрическое  |2 stltpush  |3 (RuTPU)RU\TPU\subj\60752  |9 77981 
610 1 |a аналитическая химия 
610 1 |a унитиол 
610 1 |a минеральное сырье 
610 1 |a полярографические исследования 
610 1 |a ртутные капельные электроды 
610 1 |a электроокисление 
610 1 |a платиновые электроды 
610 1 |a ртуть 
610 1 |a золото 
610 1 |a палладий 
610 1 |a серебро 
610 1 |a фазовый анализ 
610 1 |a авторефераты диссертаций 
610 1 |a библиотека А. Г. Стромберга 
675 |a 543-412.2(04)  |v 4 
675 |a 543.553(04)  |v 4 
700 1 |a Оспанов  |b Х. К. 
702 1 |a Сонгина  |b О. А.  |4 727 
702 1 |a Рождественская  |b З. Б.  |4 727 
712 0 2 |a Казахский государственный университет (КазГУ)  |b Кафедра химии редких элементов  |c (Алма-Ата)  |2 stltpush  |3 (RuTPU)RU\TPU\col\8922 
801 1 |a RU  |b 63413507  |c 20180403 
801 2 |a RU  |b 63413507  |c 20180424  |g RCR 
942 |c BK